TEXT BOOK OF FEILD CROPS PRODUCTION FOOD GRAIN CROPS -VOL 1 (Record no. 8201)

MARC details
000 -LEADER
fixed length control field 00463nam a22001817a 4500
005 - DATE AND TIME OF LATEST TRANSACTION
control field 20230128115955.0
008 - FIXED-LENGTH DATA ELEMENTS--GENERAL INFORMATION
fixed length control field 230125b |||||||| |||| 00| 0 eng d
020 ## - INTERNATIONAL STANDARD BOOK NUMBER
ISBN 9788171641161
041 ## - LANGUAGE CODE
Language code of text/sound track or separate title eng
082 ## - DEWEY DECIMAL CLASSIFICATION NUMBER
Classification number 633.08 PRA-T
100 ## - MAIN ENTRY--AUTHOR NAME
Personal name PRASAD, Dr. RAJENDRA
245 ## - TITLE STATEMENT
Title TEXT BOOK OF FEILD CROPS PRODUCTION FOOD GRAIN CROPS -VOL 1
250 ## - EDITION STATEMENT
Edition statement 11th ed.
260 ## - PUBLICATION, DISTRIBUTION, ETC. (IMPRINT)
Name of publisher ICAR
Year of publication 2020
300 ## - PHYSICAL DESCRIPTION
Number of Pages 396;P.
650 ## - SUBJECT ADDED ENTRY--TOPICAL TERM
Topical Term AGRICULTURE
942 ## - ADDED ENTRY ELEMENTS (KOHA)
Koha item type Books
Holdings
Lost status Damaged status Collection code Home library Current library Shelving location Date acquired Source of acquisition Cost, normal purchase price Full call number Accession Number Koha item type
    AGRICULTURE JRU Library JRU Library SHELF-44-C 20/01/2023 LOHIA BOOK INTERNATIONAL 700.00 633.08 PRA-T 27312 Books
    AGRICULTURE JRU Library JRU Library SHELF-44-C 20/01/2023 LOHIA BOOK INTERNATIONAL 700.00 633.08 PRA-T 27313 Books
    AGRICULTURE JRU Library JRU Library SHELF-44-C 20/01/2023 LOHIA BOOK INTERNATIONAL 700.00 633.08 PRA-T 27314 Books
    AGRICULTURE JRU Library JRU Library SHELF-44-C 20/01/2023 LOHIA BOOK INTERNATIONAL 700.00 633.08 PRA-T 27315 Books
    AGRICULTURE JRU Library JRU Library SHELF-44-C 20/01/2023 LOHIA BOOK INTERNATIONAL 700.00 633.08 PRA-T 27316 Books